000 00650nam a22001697a 4500
999 _c15277
_d15277
003 OSt
082 _2631.75807 ABD/EF
088 _aT 27
100 _aABDUL HAKKIM V.M
_92907
245 _aEffect of land use on water yield from small agricultural watersheds of western ghats
260 _aTavanur 1993
_bKelappaji College of Agricultural Engineering and Technology
300 _a129
500 _aEffect of land use on water yield from small agricultural watersheds of western ghats
520 _aEffect of land use on water yield from small agricultural watersheds of western ghats
700 _aEr. Xavier K. Jacob (Guide)
_92455
942 _cTH